书目信息 |
| 题名: |
医用物理学
|
|
| 作者: | ;《医用物理学》编写组 主编 | |
| 分册: | ||
| 出版信息: | 北京 战士出版社 1981 |
|
| 页数: | 208页 | |
| 开本: | 19cm | |
| 丛书名: | ||
| 单 册: | ||
| 中图分类: | R312 | |
| 科图分类: | ||
| 主题词: | 医药学:基础科学 , 医学人类学 | |
| 电子资源: | ||
| ISBN: | ||
| 000 | 00662nam0 2200241 45 | |
| 001 | 0181001301 | |
| 005 | 20060511160809.78 | |
| 010 | @dCNY0.65 | |
| 091 | @a14185.9 | |
| 100 | @a19950628d1981 emky0chiy0121 ea | |
| 101 | 0 | @achi |
| 102 | @aCN@b110000 | |
| 105 | @ay z 000yy | |
| 200 | 10 | @a医用物理学@Ayi yong wu li xue@f《医用物理学》编写组主编@F《Yi Yong Wu Li Xue》Bian Xie Zu Zhu Bian |
| 210 | @a北京@c战士出版社@d1981 | |
| 215 | @a208页@d19cm | |
| 606 | 0 | @a医药学:基础科学 |
| 606 | 0 | @a医学人类学 |
| 690 | @aR312 | |
| 711 | 02 | @a《医用物理学》编写组@4主编 |
| 801 | 2 | @aCN@bNLC@c20060511 |
| 801 | 0 | @aCN@b上海图书馆@c20040520 |
| 905 | @dR312@e5 | |
| 医用物理学/《医用物理学》编写组主编.-北京:战士出版社,1981 |
| 208页;19cm |
| ISBN :CNY0.65 |
| ● |
| 相关链接 |
|
|
|
|
正题名:医用物理学
索取号:R312/5
 
预约/预借
| 序号 | 登录号 | 条形码 | 馆藏地/架位号 | 状态 | 备注 |
| 1 | 0041280 | 000708096 | 密集书库/ [索取号:R312/5] | 在馆 | |
| 2 | 0041281 | 202324010 | 密集书库/ [索取号:R312/5] | 在馆 | |
| 3 | 0041282 | 000708158 | 第二样本阅览室/ [索取号:R312/5] | 在馆 |